|
|
|
|
| LEADER |
01407nam a2200325 a 4500 |
| 001 |
17615 |
| 003 |
BD-DhAAL |
| 005 |
20140522104009.0 |
| 008 |
140522s1993 enk b 001 0ceng d |
| 010 |
|
|
|a 92012699
|
| 020 |
|
|
|a 041508685X
|
| 020 |
|
|
|a 0415086868 (pbk.)
|
| 040 |
|
|
|a DLC
|c DLC
|d DLC
|d BD-DhAAL
|
| 050 |
0 |
0 |
|a PN98.W64
|b M36 1992
|
| 082 |
0 |
0 |
|a 801/.95/082
|2 20
|
| 245 |
0 |
0 |
|a Changing subjects :
|b the making of feminist literary criticism /
|c edited by Gayle Greene and Coppelia Kahn.
|
| 260 |
|
|
|a London ;
|a New York :
|b Routledge,
|c 1993.
|
| 300 |
|
|
|a ix, 283 p. ;
|c 24 cm.
|
| 504 |
|
|
|a Includes bibliographical references and index.
|
| 541 |
|
|
|e 17615
|
| 650 |
|
0 |
|a Feminist literary criticism.
|9 4560
|
| 650 |
|
0 |
|a Feminists
|x Biography.
|9 4669
|
| 650 |
|
0 |
|a Critics
|x Biography.
|9 4670
|
| 700 |
1 |
|
|a Greene, Gayle,
|d 1943-
|9 4671
|
| 700 |
1 |
|
|a Kahn, Coppelia.
|9 4672
|
| 740 |
0 |
|
|a Making of feminist literary criticism.
|
| 942 |
|
|
|2 ddc
|c BK
|
| 999 |
|
|
|c 14374
|d 14374
|
| 952 |
|
|
|0 0
|1 0
|2 ddc
|4 0
|6 801_950820000000000_CHA
|7 0
|9 24358
|a BRACUL
|b BRACUL
|c GEN
|d 2014-05-22
|l 0
|o 801.95082 CHA
|p 3010017615
|r 2014-05-22
|t 1
|w 2014-05-22
|y BK
|x Transferred from ENH to Ayesha Abed library on 20/12/2023
|
| 952 |
|
|
|0 0
|1 0
|2 ddc
|4 0
|6 801_950820000000000_CHA
|7 0
|9 24416
|a BRACUL
|b BRACUL
|c GEN
|d 2014-06-10
|l 0
|o 801.95082 CHA
|p 3010017597
|r 2014-06-10
|t 2
|w 2014-06-10
|y BK
|x Transferred from ENH to Ayesha Abed library on 20/12/2023
|